Lideres importantes / (Record no. 25312)

MARC details
000 -LEADER
fixed length control field 01796nam a2200433Ka 4500
001 - CONTROL NUMBER
control field 71846895
003 - CONTROL NUMBER IDENTIFIER
control field OCoLC
005 - DATE AND TIME OF LATEST TRANSACTION
control field 20210224102819.0
008 - FIXED-LENGTH DATA ELEMENTS--GENERAL INFORMATION
fixed length control field 061005s2006 mnua j 001 0cspa
010 ## - LIBRARY OF CONGRESS CONTROL NUMBER
LC control number 2005015662
020 ## - INTERNATIONAL STANDARD BOOK NUMBER
International Standard Book Number 0736873597 :
Terms of availability $15.93
020 ## - INTERNATIONAL STANDARD BOOK NUMBER
International Standard Book Number 0736874453 (pbk.)
024 3# - OTHER STANDARD IDENTIFIER
Standard number or code 9780736873598
024 3# - OTHER STANDARD IDENTIFIER
Standard number or code 9780736874458
040 ## - CATALOGING SOURCE
Original cataloging agency JDP
Transcribing agency JDP
Modifying agency BAKER
041 1# - LANGUAGE CODE
Language code of text/sound track or separate title spa
Language code of original eng
100 1# - MAIN ENTRY--PERSONAL NAME
Personal name Auster, Michael A.
240 10 - UNIFORM TITLE
Uniform title <a href="They led the way.">They led the way.</a>
Language of a work Spanish.
245 10 - TITLE STATEMENT
Title Lideres importantes /
Statement of responsibility, etc. por Michael A. Auster ; [adapted translation, Gloria Ramos].
260 ## - PUBLICATION, DISTRIBUTION, ETC. (IMPRINT)
Place of publication, distribution, etc. Bloomington, Minn. :
Name of publisher, distributor, etc. Red Brick Learning,
Date of publication, distribution, etc. c2006.
300 ## - PHYSICAL DESCRIPTION
Extent 16 p. :
Other physical details col. ill. ;
Dimensions 21 cm.
490 1# - SERIES STATEMENT
Series statement Libros sombrilla amarilla para lectores principiantes.
-- Nivel B,
-- Ciencias sociales.
500 ## - GENERAL NOTE
General note Includes index.
500 ## - GENERAL NOTE
General note Translation of: They led the way.
505 0# - FORMATTED CONTENTS NOTE
Formatted contents note Se necesita un l©Ưder -- Elizabeth Blackwell -- C©♭sar Ch©Łvez -- Helen Keller -- Jackie Robinson.
505 0# - FORMATTED CONTENTS NOTE
Formatted contents note It takes a leader -- Elizabeth Blackwell -- Cesar Chavez -- Helen Keller -- Jackie Robinson.
600 10 - SUBJECT ADDED ENTRY--PERSONAL NAME
Personal name Blackwell, Elizabeth,
Dates associated with a name 1821-1910
Form subdivision Juvenile literature.
600 10 - SUBJECT ADDED ENTRY--PERSONAL NAME
Personal name Chavez, Cesar,
Dates associated with a name 1927-
Form subdivision Juvenile literature.
600 17 - SUBJECT ADDED ENTRY--PERSONAL NAME
Personal name Chavez, Cesar,
Dates associated with a name 1927-
Form subdivision Literatura juvenil.
Source of heading or term bidex.
600 10 - SUBJECT ADDED ENTRY--PERSONAL NAME
Personal name Keller, Helen,
Dates associated with a name 1880-1968
Form subdivision Juvenile literature.
600 17 - SUBJECT ADDED ENTRY--PERSONAL NAME
Personal name Keller, Helen,
Dates associated with a name 1880-1968
Form subdivision Literatura juvenil.
Source of heading or term bidex.
600 10 - SUBJECT ADDED ENTRY--PERSONAL NAME
Personal name Robinson, Jackie,
Dates associated with a name 1919-1972
Form subdivision Juvenile literature.
650 #0 - SUBJECT ADDED ENTRY--TOPICAL TERM
Topical term or geographic name as entry element Leadership
Form subdivision Juvenile literature.
650 #7 - SUBJECT ADDED ENTRY--TOPICAL TERM
Topical term or geographic name as entry element Liderazgo
Form subdivision Literatura juvenil.
Source of heading or term bidex.
651 #0 - SUBJECT ADDED ENTRY--GEOGRAPHIC NAME
Geographic name United States
Form subdivision Biography
-- Juvenile literature.
700 1# - ADDED ENTRY--PERSONAL NAME
Personal name Ramos, Gloria.
830 #0 - SERIES ADDED ENTRY--UNIFORM TITLE
Uniform title Yellow umbrella books for early readers.
Name of part/section of a work Social studies.
Language of a work Spanish.
942 ## - ADDED ENTRY ELEMENTS (KOHA)
Koha item type Libro/Book
Holdings
Withdrawn status Lost status Damaged status Not for loan Home library Current library Date acquired Inventory number Total Checkouts Barcode Date last seen Price effective from Koha item type Full call number
        Capulin -- Satellite Capulin -- Satellite 13/05/2016 Inventory date: 7/7/25   35100149 13/05/2016 13/05/2016 Libro/Book  
        San Juan Del Sur -- Mobile San Juan Del Sur -- Mobile 17/03/2025 Inventory date: 13-3-25   30030807 17/03/2025 17/03/2025 Libro/Book JI

Powered by Koha